| 000 | 01043ngm a22003850a 4500 | ||
|---|---|---|---|
| 001 | PT55642 | ||
| 003 | AR-LpoUNG | ||
| 005 | 20210201232359.0 | ||
| 007 | co ||u|||uuuuu | ||
| 008 | 191001s2007||||ag |||||||||||||||||spa d | ||
| 040 |
_aAR-LpoUNG _bspa _cAR-LpoUNG _eaacr |
||
| 041 | _aspa | ||
| 044 | _aag | ||
| 082 | 0 | _a794.12 675aje | |
| 100 | 1 | _aSnyder, Robert M. | |
| 245 | 1 | 0 |
_aEscuela de ajedrez para jóvenes : _buna guía completa para el principiante |
| 250 | _a1ra. ed. | ||
| 260 |
_aBuenos Aires : _bPaidotribo, _c2007. |
||
| 300 | _agráfs. | ||
| 505 | 0 | _aAcompaña el impreso. | |
| 650 | 4 | _aAPRENDIZAJE MEDIANTE LA PRACTICA | |
| 650 | 4 | _aASPECTOS PSICOLOGICOS | |
| 650 | 4 | _aDEPORTES | |
| 650 | 4 | _aDIDACTICA | |
| 650 | 4 | _aENSEÑANZA | |
| 650 | 4 | _aJUEGOS | |
| 650 | 4 | _aREGLAMENTOS | |
| 651 | 4 | _aDOCUMENTOS TEORICOS O METODOLOGICOS | |
| 653 | _aAJEDREZ | ||
| 653 | _aESCUELA SECUNDARIA | ||
| 700 | 1 |
_aGallach, Yago _erev. |
|
| 700 | 1 |
_aRuiz Franco, Juan Carlos _etr. |
|
| 905 | _a55642 | ||
| 942 | _cCDDVD | ||
| 999 |
_c53516 _d53516 |
||